| 000 | 00777nam a22002417a 4500 | ||
|---|---|---|---|
| 999 |
_c14934 _d14934 |
||
| 003 | AR-CdUCM | ||
| 008 | 190425b ||||| |||| 00| 0 spa d | ||
| 020 | _a978-84-9825-666-6 | ||
| 040 |
_aMUNICIPALIDAD PROVINCIAL DEL CUSCO _cBIBLIOTECA MUNICIPAL DEL CUSCO |
||
| 041 | _heng | ||
| 082 |
_aPI / 376.1 / _bR34 _22ed. |
||
| 100 |
_aRedford, Ruth _933899 |
||
| 245 | _aToca, toca, ¡piip! ¡piip! / | ||
| 260 |
_aBarcelona : _bCombel, _c2012. |
||
| 300 |
_a8 paginas ; _bIlustraciones _c26 cm. |
||
| 500 | _aTitulo original : Baby touch, beep! beep! | ||
| 650 |
_aAprendiendo los medios de transporte _933909 |
||
| 650 |
_aAprende palpando _933910 |
||
| 650 |
_aToca y adivina _933911 |
||
| 650 |
_aNiños (as) _933869 |
||
| 942 |
_2ddc _cLIBROS |
||
| 945 |
_awnts _d2019-04-25 |
||